The butterfly : (Record no. 2498)

MARC details
000 -LEADER
fixed length control field 01039nam a22002897a 4500
005 - DATE AND TIME OF LATEST TRANSACTION
control field 20240111134432.0
020 ## - INTERNATIONAL STANDARD BOOK NUMBER
International Standard Book Number 9780142413067
040 ## - CATALOGING SOURCE
Original cataloging agency TEFMT
Language of cataloging eng
Description conventions rda
Transcribing agency TEFMT
Modifying agency GK8
-- TEF
-- OCLCF
-- UOK
-- TOH
-- CPL
-- VP@
-- TJC
-- UAB
-- ZYU
-- OCLCO
-- OCLCQ
-- OCLCO
-- DLC
050 00 - LIBRARY OF CONGRESS CALL NUMBER
Classification number PZ7.P75186
082 04 - DEWEY DECIMAL CLASSIFICATION NUMBER
Classification number 940
100 ## - MAIN ENTRY--PERSONAL NAME
Personal name Polacco, Patricia
245 04 - TITLE STATEMENT
Title The butterfly :
Remainder of title From the author of PINK AND SAY /
Statement of responsibility, etc. Polacco, Particia :
260 ## - PUBLICATION, DISTRIBUTION, ETC.
Place of publication, distribution, etc. U.S.A :
Name of publisher, distributor, etc. Penguin Group ,
Date of publication, distribution, etc. 2000
300 ## - PHYSICAL DESCRIPTION
Extent 47 unnumbered pages :
Other physical details color illustrations ;
Dimensions 29 cm
490 ## - SERIES STATEMENT
Series statement From the author of Pink And Say
505 ## - FORMATTED CONTENTS NOTE
Formatted contents note O <br/>
520 ## - SUMMARY, ETC.
Summary, etc. During the Nazi occupation of France, Monique's mother hides a Jewish family in her basement and tries to help them escape to freedom.
521 ## - TARGET AUDIENCE NOTE
Target audience note 630 <br/>
Source Lexile <br/>
521 ## - TARGET AUDIENCE NOTE
Target audience note O <br/>
Source Raz-Plus <br/>
650 #0 - SUBJECT ADDED ENTRY--TOPICAL TERM
Geographic subdivision Ireland.
650 #0 - SUBJECT ADDED ENTRY--TOPICAL TERM
Topical term or geographic name entry element Fiddle tunes
Geographic subdivision Ireland.
655 #7 - INDEX TERM--GENRE/FORM
Source of term lcgft
655 #7 - INDEX TERM--GENRE/FORM
Genre/form data or focus term Arrangements (Music)
Source of term lcgft
906 ## - LOCAL DATA ELEMENT F, LDF (RLIN)
a 7
b cbc
c copycat
d 2
e ncip
f 20
g y-soundrec
942 ## - ADDED ENTRY ELEMENTS (KOHA)
Source of classification or shelving scheme Dewey Decimal Classification
Koha item type Books
Suppress in OPAC No
999 ## -
-- 2498
-- 2498
Holdings
Withdrawn status Lost status Source of classification or shelving scheme Damaged status Not for loan Collection Home library Current library Shelving location Date acquired Total Checkouts Full call number Barcode Date last seen Date last checked out Price effective from Koha item type
    Dewey Decimal Classification     Juvenile Fiction Footprints International School Library Network Toul Kork Campus Footprints International School Library Network Toul Kork Campus   12/12/2023 2 POL 940 PZ7.P75186 FISTK02100 03/19/2024 03/12/2024 12/12/2023 Books